Upgrading PCs illustrated / (Record no. 176251)
[ view plain ]
| 000 -LEADER | |
|---|---|
| fixed length control field | 00894 a2200229 4500 |
| 003 - CONTROL NUMBER IDENTIFIER | |
| control field | Nust |
| 005 - DATE AND TIME OF LATEST TRANSACTION | |
| control field | 20220726094715.0 |
| 010 ## - LIBRARY OF CONGRESS CONTROL NUMBER | |
| LC control number | 96072221 |
| 020 ## - INTERNATIONAL STANDARD BOOK NUMBER | |
| International Standard Book Number | 0789709864 |
| 035 ## - SYSTEM CONTROL NUMBER | |
| System control number | (OCoLC)36533078 |
| 040 ## - CATALOGING SOURCE | |
| Transcribing agency | Nust |
| 082 00 - DEWEY DECIMAL CLASSIFICATION NUMBER | |
| Classification number | 004.22,BOY |
| 100 1# - MAIN ENTRY--PERSONAL NAME | |
| Personal name | Boyce, Jim, |
| 9 (RLIN) | 80477 |
| 245 10 - TITLE STATEMENT | |
| Title | Upgrading PCs illustrated / |
| Statement of responsibility, etc. | Jim Boyce with Sheldon Dunn ... [et al.]. |
| 260 ## - PUBLICATION, DISTRIBUTION, ETC. | |
| Place of publication, distribution, etc. | New Delhi |
| Name of publisher, distributor, etc. | Prentice-hall |
| Date of publication, distribution, etc. | 2000 |
| 300 ## - PHYSICAL DESCRIPTION | |
| Extent | xxviii, 710 p. : |
| Other physical details | ill. ; |
| Dimensions | 23 cm. |
| 505 ## - FORMATTED CONTENTS NOTE | |
| Formatted contents note | Preparation (Page-13), Processors, Motherboards and Memory (Page-157), Mass Storage Devices (Page-71), Multimedia Devices (Page-359), Communication Internet and Networking (Page-431), Maintenances and Disaster Recovery (Page-559). |
| 650 #0 - SUBJECT ADDED ENTRY--TOPICAL TERM | |
| Topical term or geographic name entry element | IBM-compatible computers |
| General subdivision | Upgrading. |
| 9 (RLIN) | 95111 |
| 650 #0 - SUBJECT ADDED ENTRY--TOPICAL TERM | |
| Topical term or geographic name entry element | Microcomputers |
| General subdivision | Upgrading. |
| 9 (RLIN) | 94563 |
| 700 1# - ADDED ENTRY--PERSONAL NAME | |
| Personal name | Dunn, Sheldon M. |
| 9 (RLIN) | 95112 |
| 942 ## - ADDED ENTRY ELEMENTS (KOHA) | |
| Source of classification or shelving scheme | |
| Koha item type | Book |
| Call number prefix | 004.22,BOY |
| Withdrawn status | Lost status | Source of classification or shelving scheme | Damaged status | Not for loan | Permanent Location | Current Location | Shelving location | Date acquired | Full call number | Barcode | Date last seen | Price effective from | Koha item type | Public note |
|---|---|---|---|---|---|---|---|---|---|---|---|---|---|---|
| Military College of Signals (MCS) | Military College of Signals (MCS) | General Stacks | 12/12/2016 | 004.22,BOY | MCS28281 | 12/08/2016 | 12/12/2016 | Book | Almirah No.2, Self No.3 |
